Normal view
MARC view
Entry Personal Name
001 - CONTROL NUMBER
- control field: 1120374
003 - CONTROL NUMBER IDENTIFIER
- control field: OSt
005 - DATE AND TIME OF LATEST TRANSACTION
- control field: 20260302115004.0
008 - FIXED-LENGTH DATA ELEMENTS
- fixed length control field: 260302|| aca||aabn | a|a d
040 ## - CATALOGING SOURCE
- Original cataloging agency: OSt
- Transcribing agency: OSt
100 ## - HEADING--PERSONAL NAME
- Personal name: Yuqing Yang
670 ## - SOURCE DATA FOUND
- Source citation: Work cat.: (OSt)1684551: Yuqing Yang, Mystifying China's Southwest Ethnic Borderlands Harmonious Heterotopia
